00282nam a2200097Ia 4500008004100000020001400041100003100055245003200086260004800118300001800166180205s9999 xx 000 0 und d a804739226 aParren˃as, Rhacel Salazar aServants of globalization / aCaliforniabStanford university pressc2001 aix, 309 pages